AUTONOMIA Y LENGUAS VERNACULAS (Record no. 73530)
[ view plain ]
| 000 -CABECERA | |
|---|---|
| campo de control de longitud fija | 00462nam a2200181Ia 4500 |
| 001 - NÚMERO DE CONTROL | |
| campo de control | 13533 |
| 005 - FECHA Y HORA DE LA ÚLTIMA TRANSACCIÓN | |
| campo de control | 20260414093202.0 |
| 008 - CÓDIGOS DE INFORMACIÓN DE LONGITUD FIJA | |
| campo de control de longitud fija | 260115s9999 xx 000 0 und d |
| 035 ## - NÚMERO DE CONTROL DEL SISTEMA | |
| Número de control de sistema | 9927 |
| 090 ## - LOCALMENTE ASIGNADO TIPO-LC NÚMERO DE CLASIFICACIÓN (OCLC); NÚMERO DE CLASIFICACIÓN LOCAL (RLIN) | |
| Número de clasificación (OCLC) (R) ; Numero de clasificación CALL (RLIN) (NR) | 32 |
| 100 ## - PUNTO DE ACCESO PRINCIPAL - NOMBRE DE PERSONA | |
| Nombre de persona | BATAN BENITO |
| 245 #0 - MENCIÓN DE TÍTULO | |
| Título | AUTONOMIA Y LENGUAS VERNACULAS |
| 260 ## - PUBLICACIÓN, DISTRIBUCIÓN, ETC. (PIE DE IMPRENTA) | |
| Lugar de publicación distribución etc. | LUGO |
| Nombre del editor distribuidor etc. | CELTA |
| Fecha de publicación distribución etc. | 1978 |
| 630 ## - PUNTO DE ACCESO ADICIONAL DE MATERIA--TÍTULO UNIFORME | |
| Título uniforme | POLITICA |
| 650 ## - PUNTO DE ACCESO ADICIONAL DE MATERIA--TÉRMINO DE MATERIA | |
| Término de materia o nombre geográfico como elemento inicial | POLITICA |
| 942 ## - ELEMENTOS DE PUNTO DE ACCESO ADICIONAL (KOHA) | |
| Tipo de ítem Koha | Monografías |
| 901 ## - ELEMENTOS DE DATOS A LOCAL LDA (RLIN) | |
| a | FH |
| b | FH |
| y | BK |
| p | SEH_13533 |
| i | 13123 |
| j | 32 |
| c | GENERAL |
| t | 1 |
| z | 18 CTMS. 80 PAGS. LUGO |
| x | 1 |
| Estado de retiro | Estado de pérdida | Estado dañado | No para préstamo | Localización permanente | Ubicación/localización actual | Ubicación en estantería | Fecha de adquisición | Número de inventario | Número de control en estantería | Número de registro | Total de préstamos | Código de barras | Fecha visto por última vez | Número de copia | Precio válido a partir de | Tipo de ítem Koha | Nota pública |
|---|---|---|---|---|---|---|---|---|---|---|---|---|---|---|---|---|---|
| Servicio de Estudios Históricos | Servicio de Estudios Históricos | 14/04/2026 | 13123 | 32 | 13123 | SEH_13533 | 14/04/2026 | 1 | 14/04/2026 | Monografías | 18 CTMS. 80 PAGS. LUGO |
